000 00958nam a2200181 4500
008 b xx# ara u
010 _a373
040 _aLB-BrCRDP
082 _a364/M678t
100 1 _a. مصر. المركز القومي للبحوث الاجتماعية والجنائية. الجمعية الدولية للعلوم الجنائية
130 1 _lAR
245 1 0 _a. التنمية الاقتصادية ومشكلات السلوك الاجتماعي
_bاعمال الحلقة الدولية الثالثة عشرة لعلم الجريمة، القاهرة 22 يونيو-10 يوليو 1963
_cالمركز القومي للبحوث الاجتماعية والجنائية
260 _aالقاهرة
_bالمركز القومي للبحوث الاجتماعية والجنائية
_c1963
300 _a647 ص. ؛
_c24 سم.
650 _aعلم النفس الجنائي
942 _cBK
999 _c15342
_d15342